LEADER 03802nam 22006854a 450 001 9910143581003321 005 20170815120544.0 010 $a1-280-35573-5 010 $a9786610355730 010 $a0-470-71315-1 010 $a0-470-02409-7 035 $a(CKB)1000000000357193 035 $a(EBL)255330 035 $a(OCoLC)75634734 035 $a(SSID)ssj0000243848 035 $a(PQKBManifestationID)11186033 035 $a(PQKBTitleCode)TC0000243848 035 $a(PQKBWorkID)10168566 035 $a(PQKB)10565508 035 $a(MiAaPQ)EBC255330 035 $a(EXLCZ)991000000000357193 100 $a20060110d2006 uy 0 101 0 $aeng 135 $aur|n|---||||| 181 $ctxt 182 $cc 183 $acr 200 00$aSelf-regulation in health behavior$b[electronic resource] /$fedited by Denise T.D. de Ridder and John B.F. de Wit 210 $aChichester, England ;$aHoboken, NJ $cJohn Wiley & Sons$dc2006 215 $a1 online resource (266 p.) 300 $aDescription based upon print version of record. 311 $a0-470-02408-9 311 $a0-470-02407-0 320 $aIncludes bibliographical references and index. 327 $aSelf-regulation perspectives on health behavior : concepts, theories, and central issues / Denise T.D. de Ridder and John B.F. de Wit -- Contextualizing health behaviors : the role of personal goals / Winifred A. Gebhardt -- Unintentional behavior : a subrational approach to health risk / Frederick X. Gibbons, Meg Gerrard, Rachel A. Reimer, and Elizabeth A. Pomery -- Social influences on adolescent substance use : insights into how parents and peers affect adolescent's smoking and drinking behavior / Rutger C.M.E. Engels and Sander M. Bot -- Temperament, self-regulation, and the prototype willingness model of adolescent health risk behavior / Meg Gerrard, Frederick X. Gibbons, Michelle L. Stock, Amy E. Houlihan, and Jennifer L. Dykstra -- Implementation intentions : strategic automatization of goal striving / Paschal Sheeran, Thomas L. Webb, and Peter M. Gollwitzer -- Managing immediate needs in the pursuit of health goals : the role of coping in self- regulation / Denise T.D. de Ridder and Roeline G. Kuijer -- Maintaining self-control : the role of expectancies / Carolien Martijn, Hugo J.E.M. Alberts, and Nanne K. de Vries -- Maintenance of health behavior change : additional challenges for self-regulation theory, research, and practice / John B.F. de Wit -- Hanging on and letting go in the pursuit of health goals : psychological mechanisms to cope with a regulatory dilemma / Klaus Rothermund. 330 $aThis text offers a comprehensive overview of new approaches to health-related behaviour from a self-regulation perspective. The authors outline the assumptions on which self-regulation theories are based, discuss recent research and draw out the implications for practice with a particular focus on changing health behaviour. 606 $aHealth behavior 606 $aSelf-control 606 $aSelf-management (Psychology) 606 $aControl (Psychology) 606 $aBehaviorism (Psychology) 606 $aHealth$xDecision making 608 $aElectronic books. 615 0$aHealth behavior. 615 0$aSelf-control. 615 0$aSelf-management (Psychology) 615 0$aControl (Psychology) 615 0$aBehaviorism (Psychology) 615 0$aHealth$xDecision making. 676 $a613/.0433 686 $a44.10$2bcl 701 $aRidder$b Denise T. D. de$0932377 701 $aWit$b John Bertha Franciscus de$f1965-$0284343 801 0$bMiAaPQ 801 1$bMiAaPQ 801 2$bMiAaPQ 906 $aBOOK 912 $a9910143581003321 996 $aSelf-regulation in health behavior$92098101 997 $aUNINA LEADER 05252nam 22006375 450 001 9910595046803321 005 20251009101654.0 010 $a9783030870867 010 $a3030870863 024 7 $a10.1007/978-3-030-87086-7 035 $a(CKB)5840000000091796 035 $a(MiAaPQ)EBC7101935 035 $a(Au-PeEL)EBL7101935 035 $a(DE-He213)978-3-030-87086-7 035 $a(iGPub)SPNA0092125 035 $a(EXLCZ)995840000000091796 100 $a20220922d2022 u| 0 101 0 $aeng 135 $aurcnu|||||||| 181 $ctxt$2rdacontent 182 $cc$2rdamedia 183 $acr$2rdacarrier 200 14$aThe Algorithmic Distribution of News $ePolicy Responses /$fedited by James Meese, Sara Bannerman 205 $a1st ed. 2022. 210 1$aCham :$cSpringer International Publishing :$cImprint: Palgrave Macmillan,$d2022. 215 $a1 online resource (317 pages) 225 1 $aPalgrave Global Media Policy and Business,$x2634-6206 311 08$a9783030870850 311 08$a3030870855 320 $aIncludes bibliographical references and index. 327 $aChapter 1: Introduction: Governing the Algorithmic Distribution of the News -- Part 1: In the newsroom: algorithms, bots, business models, and privacy -- Chapter 2: Governing the Algorithmic Distribution of News in China: The Case of Jinri Toutiao -- Chapter 3: Algorithms, Platforms, and Policy: The Changing Face of Canadian News Distribution -- Chapter 4: Good Morning, Here?s Today?s News?: Delivering News via the Australian Broadcasting Corporation?s Facebook Messenger Chatbot -- Chapter 5: Algorithms and the News Media in Kenya: Emerging Issues in Data Policy and Accountability -- Chapter 6: Advertising, algorithms and audiences: The unchanging economics of online journalism -- Part 2: Current approaches: Copyright or Competition -- Chapter 7: Australian and EU Policy Responses to Algorithmic News Distribution: A Comparative Analysis -- Chapter 8: Private Property vs. Public Policy Vision in Ancillary Copyright Law Reform -- Chapter 9: Big Tech and News: A Critical Approach to DigitalPlatforms, Journalism, and Competition Law -- Part 3: Regulatory Challenges -- Chapter 10: New Zealand: Curbing Hate Speech, But Leaving Platforms to Self-Regulate -- Chapter 11: Diversity, Fake News, and Hate Speech: The German Response to Algorithmic Regulation -- Chapter 12: Switzerland, Algorithms, and the News: A Small Country Looking for Global Solutions -- Part 4: Future horizons: Algorithms and media policy -- Chapter 13:Towards Platform Democracy: Imagining an Open-Source Public Service Social Media Platform -- Chapter 14:Access Diversity Through Online Media and Public Service Algorithms: An Analysis of News Recommendation in Light of Article 10 ECHR -- Chapter 15: The Shortcomings of the Diversity Diet: Public Service Media; Algorithms, and the Multiple Dimensions of Diversity. 330 $aThis volume explores how governments, policymakers and newsrooms have responded to the algorithmic distribution of the news. Contributors analyse the ongoing battle between platforms and publishers, evaluate recent attempts to manage these tensions through policy reform and consider whether algorithms can be regulated to promote media diversity and stop misinformation and hate speech. Chapter authors also interview journalists and find out how their work is changing due to the growing importance of algorithmic systems. Drawing together an international group of scholars, the book takes a truly global perspective offering case studies from Switzerland, Germany, Kenya, New Zealand, Canada, Australia, and China. The collection also provides a series of critical analyses of recent policy developments in the European Union and Australia, which aim to provide a more secure revenue base for news media organisations. A valuable resource for journalism and policy scholars and students, Governing the Algorithmic Distribution of News is an important guide for anyone hoping to understand the central regulatory issues surrounding the online distribution of news. James Meese is Senior Lecturer at RMIT University, Australia, and Associate Investigator with the ARC Centre of Excellence for Automated Decision Making and Society. Sara Bannerman is Associate Professor at McMaster University, Canada, and Canada Research Chair in Communication Policy and Governance. 410 0$aPalgrave Global Media Policy and Business,$x2634-6206 606 $aJournalism 606 $aDigital media 606 $aMass media$xPolitical aspects 606 $aNews Journalism 606 $aDigital and New Media 606 $aMedia Policy and Politics 615 0$aJournalism. 615 0$aDigital media. 615 0$aMass media$xPolitical aspects. 615 14$aNews Journalism. 615 24$aDigital and New Media. 615 24$aMedia Policy and Politics. 676 $a070.43 676 $a070.430285 700 $aMeese$b James$c(Writer on law),$01320284 702 $aBannerman$b Sara$f1975- 801 0$bMiAaPQ 801 1$bMiAaPQ 801 2$bMiAaPQ 906 $aBOOK 912 $a9910595046803321 996 $aThe algorithmic distribution of news$93034135 997 $aUNINA